Vzestup a pád velkých říší

Bibliographic Details
Main Author: Taylor, Andrew, 1952- (Author)
Other Authors: Doubravová, Jarmila (prekladateľka) (Translator)
Format: Book
Language:Czech
English
PhysicalDescription:255 s. fotogr., ilustr., mp. 29 cm
Published: Praha Deus 2008
ISBN:9788087087411
Edition:1. vyd.
Subjects:

MARC

LEADER 00000cam a2200000 a 4500
001 vtls009459984
003 SK-MaSNL
005 20260302023111.0
008 240315s2008 xr a g 001 0dcze
020 |a 9788087087411  |q (viaz.) 
040 |a SNK  |b slo  |c SNK  |e AACR2 
041 1 |a cze  |h eng 
044 |a xr  |c CZ 
072 7 |a 94(100)  |x Svetové dejiny  |2 konspekt 
080 |a 94(100)  |2 2001 
080 |a 930.85  |2 2001 
080 |a (0.062)  |2 2001 
080 |a (084.11)  |2 2001 
100 1 |a Taylor, Andrew,  |d 1952-  |4 aut  |9 669419 
240 1 4 |a The Rise and fall of the great empires  |l Česky 
245 1 0 |a Vzestup a pád velkých říší  |c Andrew Taylor ; [z anglického originálu přeložila Jarmila Doubravová] 
250 |a 1. vyd. 
260 |a Praha  |b Deus  |c 2008 
300 |a 255 s.  |b fotogr., ilustr., mp.  |c 29 cm 
550 |a Vyd. D-Consult 
650 0 7 |a svetové dejiny  |2 SNKPH  |9 4037 
650 0 7 |a dejiny civilizácie  |2 SNKPH  |9 4306 
650 0 7 |a World history  |2 SNKPHeng  |9 275271 
650 0 7 |a History of civilization  |2 SNKPHeng  |9 286157 
655 7 |a populárno-náučné publikácie  |2 SNKPH  |9 70460 
655 7 |a obrazové publikácie  |2 SNKPH  |9 70343 
655 7 |a Popular works  |2 SNKPHeng  |9 90287 
655 7 |a Pictorial works  |2 SNKPHeng  |9 284468 
700 1 |a Doubravová, Jarmila  |c (prekladateľka)  |4 trl  |9 10076 
919 |a 978-80-87087-41-1 
999 |c 1035339  |d 1037269 
952 |t snkTAY 94(100)  |a SNKUST  |b SNKUST  |y PREZ  |7 0  |p 17A0570472  |o snkIB 71937  |i snk2009/889  |8 3  |g 23.20  |0 0  |1 0  |4 0  |d 2009-01-26  |l 0  |r 2025-04-30 00:00:00  |w 2026-02-24